Segundo centenario del nacimiento del ilustre botánico hispano-valentino, Dr. Antonio José Cavanilles (Record no. 28621)

MARC details
000 -LEADER
campo de control de longitud fija 00646nam a2200169 i 4500
001 - NÚMERO DE CONTROL
campo de control 28621
003 - IDENTIFICADOR DE NÚMERO DE CONTROL
campo de control ES-MaACL
005 - FECHA Y HORA DE LA ÚLTIMA TRANSACCIÓN
campo de control 20230906153911.0
007 - CAMPO FIJO DE DESCRIPCIÓN FÍSICA--INFORMACIÓN GENERAL
campo de control de longitud fija t|
008 - DATOS DE LONGITUD FIJA--INFORMACIÓN GENERAL
campo de control de longitud fija 030117s1945 sp ||||1| spa d
100 1# - ENTRADA PRINCIPAL--NOMBRE DE PERSONA
Nombre de persona Balguerías Quesada, Eduardo.
9 (RLIN) 24935
245 10 - MENCIÓN DEL TÍTULO
Título Segundo centenario del nacimiento del ilustre botánico hispano-valentino, Dr. Antonio José Cavanilles
Resto del título : (1745-1945) /
Mención de responsabilidad, etc. Eduardo Balguerías Quesada.
260 ## - PUBLICACIÓN, DISTRIBUCIÓN, ETC.
Lugar de publicación, distribución, etc. Jaén :
Nombre del editor, distribuidor, etc. [s.n.,
Fecha de publicación, distribución, etc. 1945] (
Fabricante Talls. Gráfs. "Mas")
300 ## - DESCRIPCIÓN FÍSICA
Extensión 17 p., 7 lám. :
Otras características físicas retr. aut. ;
Dimensiones 21 cm.
500 ## - NOTA GENERAL
Nota general Es separata de : El Español, n. 119, 3-II-1945.
852 ## - LOCALIZACIÓN
Ubicación ES-MaACL
Número de control de estantería 1856-F-2
Sublocalización o colección R.21948
Holdings
Estatus retirado Estado de pérdida Estado de daño No para préstamo Colección Biblioteca de origen Biblioteca actual Ubicación en estantería Fecha de adquisición Fuente de adquisición Total de préstamos Signatura topográfica completa Código de barras Visto por última vez Precio de reemplazo Tipo de ítem Koha
        Colección de folletos Biblioteca del Ateneo de Madrid Biblioteca del Ateneo de Madrid Depósito folletos 17/01/2008     1856-F-2 1029552 23/02/2023 23/02/2023 Folleto